[Event "Unterfranken-ch69 Seniors"]
[Site "Schweinfurt"]
[Date "2018.04.04"]
[Round "4"]
[White "Reichert, Josef"]
[Black "Hinterleitner, Gerhard"]
[Result "0-1"]
[WhiteElo "1532"]
[BlackElo "1733"]
[PlyCount "50"]
[EventDate "2018.04.02"]
[EventType "swiss"]
[EventRounds "7"]
[EventCountry "GER"]
[SourceTitle "EXT 2019"]
[Source "ChessBase"]
[SourceDate "2018.10.10"]
[SourceVersion "1"]
[SourceVersionDate "2018.10.10"]
[SourceQuality "1"]

1. d4 e6 2. c4 d5 3. Nf3 Nf6 4. Bg5 Nbd7 5. e3 c6 6. Nc3 Qa5 7. Nd2 Bb4 8. Qc2 0-0 9. a3 Re8 10. Rc1 Bxc3 11. Qxc3 Qxc3 12. Rxc3 e5 13. dxe5 Rxe5 14. Bf4 Re8 15. Be2 Nf8 16. 0-0 d4 17. Rd3 Bf5 18. Rxd4 Ne6 19. Nf3 Nxd4 20. Nxd4 Bg6 21. h3 Rad8 22. Bf3 h6 23. g4 Ne4 24. Bxe4 Rxe4 25. f3 Rxf4 0-1

[Event "Unterfranken-ch HA 62th"]
[Site "Gerolzhofen"]
[Date "2011.04.30"]
[Round "9"]
[White "Ullrich, Robert"]
[Black "Hinterleitner, Gerhard"]
[Result "0-1"]
[WhiteElo "1534"]
[BlackElo "1756"]
[PlyCount "38"]
[EventDate "2011.04.25"]
[EventType "swiss"]
[EventRounds "9"]
[EventCountry "GER"]
[SourceTitle "EXT 2015"]
[Source "ChessBase"]
[SourceDate "2014.11.20"]
[SourceVersion "1"]
[SourceVersionDate "2014.11.20"]
[SourceQuality "1"]

1. Nc3 d5 2. d4 Nf6 3. Bf4 c6 4. h3 e6 5. Nf3 Bd6 6. Bxd6 Qxd6 7. e3 Nbd7 8. a4 e5 9. dxe5 Nxe5 10. Nxe5 Qxe5 11. Bd3 d4 12. Ne2 dxe3 13. fxe3 Qxe3 14. Qd2 Qxd2+ 15. Kxd2 Bd7 16. Rae1 0-0-0 17. Rhf1 c5 18. b3 Bc6 19. Rf2 Ne4+ 0-1

[Event "Unterfranken-ch HB 57th"]
[Site "Prichsenstadt"]
[Date "2006.04.21"]
[Round "7"]
[White "Mueller, Gerhard3"]
[Black "Hinterleitner, Gerhard"]
[Result "1-0"]
[WhiteElo "1785"]
[BlackElo "1860"]
[PlyCount "32"]
[EventDate "2006.04.17"]
[EventType "swiss"]
[EventRounds "9"]
[EventCountry "GER"]
[SourceTitle "EXT 2015"]
[Source "ChessBase"]
[SourceDate "2014.11.20"]
[SourceVersion "1"]
[SourceVersionDate "2014.11.20"]
[SourceQuality "1"]

1. f4 e5 2. fxe5 d6 3. Nf3 Nc6 4. exd6 Bxd6 5. g3 Bg4 6. c3 f5 7. d4 f4 8. Qd3 Qf6 9. Qe4+ Kf7 10. gxf4 Re8 11. Ne5+ Kf8 12. h4 Nh6 13. Nd2 Bf5 14. Qg2 Bxe5 15. fxe5 Qe7 16. Nc4 g6 1-0

[Event "Unterfranken-ch HB 57th"]
[Site "Prichsenstadt"]
[Date "2006.04.20"]
[Round "6"]
[White "Hinterleitner, Gerhard"]
[Black "Muehleck, Stefan"]
[Result "1-0"]
[WhiteElo "1860"]
[BlackElo "1698"]
[PlyCount "87"]
[EventDate "2006.04.17"]
[EventType "swiss"]
[EventRounds "9"]
[EventCountry "GER"]
[SourceTitle "EXT 2015"]
[Source "ChessBase"]
[SourceDate "2014.11.20"]
[SourceVersion "1"]
[SourceVersionDate "2014.11.20"]
[SourceQuality "1"]

1. d4 d5 2. c4 e6 3. Nc3 Nf6 4. Bg5 Nbd7 5. e3 Be7 6. Nf3 0-0 7. Qc2 b6 8. cxd5 exd5 9. Bb5 Bb7 10. 0-0 Rc8 11. Rac1 h6 12. Bf4 Nh5 13. Bg3 Nxg3 14. hxg3 Bf6 15. Qf5 c6 16. Bd3 g6 17. Qf4 Bg7 18. g4 c5 19. g5 h5 20. g4 c4 21. Bb1 hxg4 22. Qxg4 f5 23. gxf6 Rxf6 24. Ne2 Rcc6 25. Nf4 Nf8 26. Ne5 Rcd6 27. Kg2 Bc8 28. Qh4 Bf5 29. Ng4 Bxg4 30. Qxg4 Qd7 31. Qxd7 Rxd7 32. Bc2 Bh6 33. Ne2 g5 34. Ng3 Rdf7 35. e4 dxe4 36. Bxe4 Re7 37. Rxc4 Rf4 38. Bd5+ Kh7 39. Bf3 Ne6 40. Be4+ Kg8 41. Nf5 Rh7 42. Bd5 Rg4+ 43. Kf3 Rf4+ 44. Ke2 1-0

[Event "Unterfranken-ch HA 48th"]
[Site "Bergrheinfeld"]
[Date "1997.??.??"]
[Round "8"]
[White "Hinterleitner, Gerhard"]
[Black "Hassler, Guenther"]
[Result "1/2-1/2"]
[WhiteElo "1875"]
[BlackElo "1877"]
[PlyCount "25"]
[EventDate "1997.03.31"]
[EventType "swiss"]
[EventRounds "9"]
[EventCountry "GER"]
[SourceTitle "EXT 2015"]
[Source "ChessBase"]
[SourceDate "2014.11.20"]
[SourceVersion "1"]
[SourceVersionDate "2014.11.20"]
[SourceQuality "1"]

1. d4 d5 2. Nf3 Nf6 3. c4 dxc4 4. Nc3 a6 5. a4 c6 6. e3 Bg4 7. Bxc4 e6 8. h3 Bh5 9. 0-0 Bb4 10. Be2 Nbd7 11. Qc2 0-0 12. e4 Bg6 13. Bd3 1/2-1/2